[Event "11th Chennai Open-GM 2019"]
[Site "Chennai"]
[Date "2019.01.19"]
[Round "2"]
[White "Rakesh, Kumar Nayak"]
[Black "Khusenkhojaev, Muhammad"]
[Result "1/2-1/2"]
[WhiteElo "2009"]
[BlackElo "2455"]
[Annotator "TA"]
[PlyCount "111"]
[EventDate "2019.01.18"]
[EventType "swiss"]
[EventCountry "IND"]
[SourceTitle "playchess.com"]
[Source "ChessBase"]
[SourceQuality "1"]

{[%evp 16,111,35,26,39,26,38,25,39,13,24,9,15,3,9,-29,-8,-12,-16,-10,-9,-20,0,0,0,0,0,-54,11,0,0,-8,2,0,0,0,0,-12,-19,-27,0,0,0,-11,2,-41,-35,-76,-58,-290,-276,-363,-351,-367,-363,-345,-217,-217,-196,-196,-68,-31,-70,-63,-7,-5,-4,-314,-344,-298,-176,-156,0,-323,-134,-304,-311,-311,-337,-506,-506,-552,-541,-387,0,0,0,0,0,0,0,0,0,0,0,0,0,0]} 1. c4 Nf6 2. g3 c6 3. Nf3 d5 4. Bg2 g6 5. b3 Bg7 6. Bb2 O-O 7. O-O Nbd7 8. d4 Ne4 9. Nbd2 {LiveBook: 52 Games} Qa5 {D78: Fianchetto Grünfeld: 6 0-0 c6} (9... Ndf6 10. Ne5 Bf5 11. e3 Qa5 12. Nxe4 Nxe4 13. f3 Nf6 14. Qe2 Nd7 15. e4 Nxe5 16. exf5 Nd7 17. fxg6 hxg6 18. Qxe7 {1-0 (46) Vitiugov,N (2740)-Alekseev,E (2622) Sochi 2018}) 10. a3 Nxd2 11. Nxd2 Nf6 {White has an edge.} 12. b4 Qb6 $146 ({Predecessor:} 12... Qd8 13. Rc1 Bf5 14. Re1 Qd7 15. a4 Bh6 16. e3 Ne4 17. cxd5 cxd5 18. Nxe4 Bxe4 19. Bxe4 dxe4 {1-0 (36) Dive,R (2302)-Jackson,L (1921) Wellington 2016}) 13. Rc1 a5 14. Bc3 axb4 15. c5 Qc7 16. axb4 h5 17. Qb3 h4 18. b5 hxg3 19. hxg3 Bf5 20. Ra1 Bh6 21. Qb4 ({White should play} 21. Nf3 $11) 21... Ng4 ({Better is} 21... Be3 $15 22. Rxa8 (22. fxe3 Qxg3 23. Rxa8 Bh3 24. Rf2 Ng4 25. Rxf8+ Kxf8 26. bxc6 Qxf2+ 27. Kh1 Bxg2#) 22... Qxg3) 22. b6 Qd7 23. Nf3 f6 24. Ra7 Kg7 25. Bd2 Rab8 26. Bxh6+ Nxh6 27. Qd2 g5 28. Nh2 Rh8 29. f4 Nf7 {[%cal Bh6f7,Bf7g5,Bg5h3][%mdl 32]} 30. fxg5 Nxg5 {And now ...Bh3 would win.} 31. Qf4 Bh3 32. g4 $2 (32. Nf3 $1 $15 Bxg2 33. Kxg2 Qh3+ 34. Kf2 Ne4+ 35. Ke1) 32... Qe6 {White must now prevent ...Bxg2.} 33. e3 Bxg2 34. Kxg2 Nh3 35. Qf3 Rh6 (35... Ng5 36. Qf4 $17) 36. Ra3 Rbh8 37. Qf5 Qe4+ (37... Ng5 $19 38. Nf3 Qe4 39. Qxe4 Nxe4) 38. Qxe4 $15 dxe4 39. Rf5 Ng5 $36 {[%mdl 2048] Black has good play.} 40. Nf1 Rh4 41. Rxg5+ $2 {[%mdl 8192]} (41. Kg3 $1 $11 {and White has nothing to worry.}) 41... fxg5 $11 {[%mdl 4096] Endgame KRR-KRN} 42. Kg3 {Now Ra7 and White clings on.} Rh1 (42... Rh3+ $142 43. Kg2 Kf7) 43. Kg2 $19 {intending Ra7.} R1h4 $2 (43... Kg6 $1 $17 44. Ra7 R1h4 45. Rxb7 Rxg4+ 46. Ng3 Rf8) 44. Kg3 {White hopes to continue with Ra7.} e5 (44... Kg6 $19 {has better winning chances.} 45. Ra7 Rh3+ 46. Kg2 R8h4 47. Rxb7 Rf3) 45. Ra7 $2 (45. dxe5 $17 R8h7 46. Ra7) 45... Rh3+ $1 46. Kg2 exd4 47. Rxb7+ (47. exd4 $142 e3 48. Rxb7+ Kf6 49. Nxe3 Rxe3 50. Rc7) 47... Kf6 48. exd4 {[#]} e3 $1 {[%cal Re3e2]} 49. Ng3 {[#]} Rxg3+ $2 (49... Rh2+ $1 $19 50. Kf1 R8h4 51. Ne4+ Kg6) 50. Kxg3 {aiming for Kf3. KR-KR. The position is equal.} Re8 {( -> ...e2)} 51. Rh7 $1 e2 52. Rh6+ Kf7 $1 ({Wrong is} 52... Kg7 $2 53. Rh1 $18) 53. Rh7+ Kf6 54. Rh6+ Kf7 $1 ({Avoid the trap} 54... Kg7 $2 55. Rh1 $18) 55. Rh7+ Kf6 56. Rh6+ {Precision: White = 38%, Black = 56%.} 1/2-1/2

[Event "11th Chennai Open-GM 2019"]
[Site "Chennai"]
[Date "2019.01.19"]
[Round "2"]
[White "Barath Kalyan M"]
[Black "Nguyen, Van Huy"]
[Result "0-1"]
[WhiteElo "2004"]
[BlackElo "2450"]
[Annotator "TA"]
[PlyCount "98"]
[EventDate "2019.01.18"]
[EventType "swiss"]
[EventCountry "IND"]
[SourceTitle "playchess.com"]
[Source "ChessBase"]
[SourceQuality "1"]

{[%evp 19,97,-21,-2,-27,-28,-54,-28,-26,-24,-47,-53,-75,-45,-65,-56,-213,-197,-358,-359,-357,-349,-333,-312,-578,-581,-555,-600,-597,-590,-579,-586,-583,-572,-593,-585,-579,-581,-671,-581,-631,-636,-725,-748,-691,-629,-1310,-1229,-1813,-1772,-29978,-29979,-29979,-29980,-29979,-29979,-29979,-29980,-29982,-29983,-29983,-29984,-29986,-29987,-29987,-29988,-29988,-29989,-29989,-29990,-29990,-29991,-29991,-29991,-29995,-29996,-29996,-29997,-29998,-29999,-29999]} 1. d4 Nf6 2. Nf3 d5 3. e3 c5 4. b3 cxd4 5. exd4 Nc6 6. Be2 g6 7. O-O Bg7 8. Bb2 O-O 9. Nbd2 {A48: 1 d4 Nf6 2 Nf3 g6: Torre, London and Colle Systems} (9. Na3 Bf5 10. Re1 Rc8 11. h3 Qb6 12. c3 Ne4 13. Bd3 e5 14. Nc2 Rfd8 15. Bf1 Nxf2 16. Kxf2 Bxc2 17. Qxc2 Nxd4 18. Nxd4 exd4 {0-1 (24) Ratkovic,M (2407)-Nestorovic,N (2506) Ruma 2017}) 9... Bf5 10. Ne5 Rc8 {LiveBook: 67 Games} 11. Bd3 {The position is equal.} Bxd3 12. Nxd3 Qa5 $146 ({Predecessor:} 12... Ne4 13. Nxe4 dxe4 14. Ne5 Nxe5 15. dxe5 Qxd1 16. Rfxd1 Rxc2 {0-1 (31) Anuta,L (2013)-Pop,A (2286) Targu Mures 2014}) 13. c3 Rfd8 14. f4 e6 15. a4 Ne7 {[%cal Bc6e7,Be7f5,Bf5d4,Bd4e2][%mdl 32]} 16. Qe2 Nf5 (16... Rxc3 $5 {[%cal Rc3c2]} 17. b4 Qc7 18. Bxc3 Qxc3 $15) 17. Rf3 $2 {[#]} (17. Qe1 $15) 17... Rxc3 $19 18. b4 $2 (18. Bxc3 {was forced.} Qxc3 {[%mdl 64] Double Attack} 19. Qe1) 18... Nxd4 19. bxa5 Nxe2+ 20. Kf1 Rc2 21. Nb3 $2 (21. Kxe2 Ne4 22. Rd1 Bxb2 23. Ne1) 21... Ng4 22. Bxg7 Nxh2+ {[%mdl 64] [#] Double Attack} 23. Ke1 Nxf3+ 24. Kd1 Kxg7 25. Kxc2 Rc8+ 26. Kb2 Nfd4 27. Nxd4 Nxd4 {[%mdl 4096] Endgame KRN-KRN} 28. Rd1 Rc4 29. Ka3 Nc6 30. Ne5 Nxe5 31. fxe5 {KR-KR} f6 32. Rb1 Rc7 33. exf6+ Kxf6 34. Kb4 a6 {Black mates.} 35. Rf1+ Ke7 36. Rh1 Kd6 37. Rf1 d4 38. g4 e5 {[%cal Be6e5,Be5e4][%mdl 32]} 39. Rf6+ Kd5 40. g5 d3 41. Rf8 Kd4 42. Rd8+ Ke3 43. Re8 e4 44. Rd8 d2 45. Rd5 Ke2 46. Re5 d1=Q 47. Rxe4+ Kd3 48. Re8 Qb1+ 49. Ka3 Rc3# {Accuracy: White = 19%, Black = 81%.} 0-1

[Event "11th Chennai Open-GM 2019"]
[Site "Chennai"]
[Date "2019.01.19"]
[Round "2"]
[White "Ashutosh, Kumar"]
[Black "Lugovskoy, Maxim"]
[Result "0-1"]
[WhiteElo "1989"]
[BlackElo "2445"]
[Annotator "TA"]
[PlyCount "74"]
[EventDate "2019.01.18"]
[EventType "swiss"]
[EventCountry "IND"]
[SourceTitle "playchess.com"]
[Source "ChessBase"]
[SourceQuality "1"]

{[%evp 15,74,12,56,33,19,13,36,28,19,28,50,42,47,54,72,0,0,-22,-27,-77,-44,-94,-95,-88,-91,-125,-127,-179,-177,-170,-170,-204,-204,-204,-208,-220,-183,-185,-177,-340,-232,-229,-142,-376,-384,-359,-300,-341,-287,-279,-288,-398,-396,-631,-649,-650,-646,-640,-501,-639,-625]} 1. e4 e6 2. d4 d5 3. Nc3 Bb4 4. e5 c5 5. a3 Bxc3+ 6. bxc3 Qa5 7. Bd2 Qa4 8. Qg4 g6 9. Bd3 {C18: French: 3 Nc3 Bb4: Main line: 7 h4 and 7 Qg4} (9. Nf3 Nc6 10. Be2 Bd7 11. O-O c4 12. Ra2 O-O-O 13. Bg5 Rf8 14. Qh4 h6 15. Rb1 Rh7 16. h3 f5 17. exf6 Rff7 18. Qg3 Qa5 19. Bf4 Nxf6 20. Nd2 {1-0 (50) Saric,I (2689)-Lupulescu,C (2606) Batumi 2018}) 9... c4 10. Be2 Qxc2 11. Nf3 {White is slightly better.} Nc6 12. O-O Bd7 {[%cal Bc8d7,Bd7c6,Bc6a4][%mdl 32]} 13. Bd1 Qb2 14. Ba4 {[#] aiming for Rfb1.} Qb6 $1 15. Bxc6 $146 (15. Rfb1 $16 Qc7 16. Bc2) ({Predecessor:} 15. Qf4 h6 16. h4 Qc7 17. Bxc6 Bxc6 18. a4 a5 {0-1 (34) Salles,L (2207)-Cotonnec,M (2313) Paris 2016}) 15... Bxc6 $11 16. Ng5 Qc7 17. f4 O-O-O 18. Qh3 Ba4 19. Rac1 h6 20. g4 {intending f5.} Rf8 21. f5 {[#]} (21. Nf3 $17) 21... gxf5 $1 $19 22. gxf5 Ne7 23. f6 hxg5 24. fxe7 Qxe7 (24... Rxh3 $2 {perishes.} 25. exf8=Q+ Qd8 26. Qxd8+ Kxd8 27. Rxf7 $18) 25. Qg3 g4 26. Rf4 Qxa3 27. Rcf1 $2 (27. Rxg4 Kb8 28. h4) 27... Qb2 28. Bc1 Qc2 {Strongly threatening ...Rh3.} 29. Ba3 $2 (29. Rxg4 $17 Rh7 30. h4) 29... Rh3 30. Qf2 Qxf2+ 31. R1xf2 g3 32. hxg3 Rg8 33. Rxf7 {White hopes to continue with Rf8+.} Rgxg3+ 34. Kf1 (34. Rg2 $142 Rxg2+ 35. Kxg2 Rxc3 36. Bd6) 34... Rh1+ {Black is clearly winning.} 35. Ke2 Bd1+ 36. Kd2 Rd3+ 37. Kc1 {Now Kb2 and White clings on.} Bh5+ {Precision: White = 41%, Black = 66%.} 0-1

[Event "11th Chennai Open-GM 2019"]
[Site "Chennai"]
[Date "2019.01.19"]
[Round "2"]
[White "Harshad S"]
[Black "Sundararajan, Kidambi"]
[Result "0-1"]
[WhiteElo "1961"]
[BlackElo "2436"]
[Annotator "TA"]
[PlyCount "90"]
[EventDate "2019.01.18"]
[EventType "swiss"]
[EventCountry "IND"]
[SourceTitle "playchess.com"]
[Source "ChessBase"]
[SourceQuality "1"]

{[%evp 15,90,-24,-16,-16,-16,-15,-19,-27,0,0,0,0,0,0,9,-16,-22,-12,-13,-16,-4,-45,0,0,0,0,6,0,6,-47,-46,-56,-47,-86,-21,-166,-166,-160,-160,-162,-155,-161,-155,-168,-164,-167,-125,-192,-48,-154,-150,-322,-325,-322,-307,-316,-289,-338,-330,-322,-235,-236,-245,-490,-498,-452,-476,-469,-99,-447,-447,-1445,-1389,-2498,-2281,-5281,-5257]} 1. e4 {[%cal Be2e4,Be4e5][%mdl 32]} c5 2. Nf3 e6 3. c3 Nf6 4. e5 Nd5 5. Be2 d6 6. O-O Nc6 7. exd6 Bxd6 8. d4 O-O 9. c4 {B22: Sicilian: 2 c3} Nf6 {With the idea ...cxd4.} 10. dxc5 Bxc5 11. Nc3 {The position is equal.} b6 $146 ({Predecessor:} 11... h6 12. Na4 Be7 13. Nc3 Bc5 14. Na4 Be7 15. Nc3 Bc5 {½-½ (15) Trbojevic,M (2361)-Kristovic,M (2290) Croatia 2015}) 12. Bf4 Bb7 13. a3 Qe7 14. b4 Rfd8 15. Qb3 Nd4 16. Nxd4 $1 Bxd4 17. Rad1 a6 {[%cal Ba7a6,Ba6a5,Ba5a4][%mdl 32]} 18. Nb1 Ne4 19. Be3 e5 20. Bf3 f5 21. Bxd4 exd4 22. Qd3 (22. Rfe1 $11) 22... a5 $36 {[%mdl 2048] Black is pushing.} 23. Qb3 Qf7 24. Nd2 d3 (24... Nxd2 $17 25. Rxd2 Bxf3 26. Qxf3 Rac8) 25. Rfe1 (25. Bxe4 $11 a4 26. Qc3 fxe4 27. Rde1) 25... a4 $1 $19 {[%cal Ra4b3]} 26. Qb2 {[%cal Rd2e4]} Nxd2 27. Bxb7 {aiming for Bd5.} Nxc4 ({Stronger than} 27... Qxb7 28. Qxd2 Rac8 29. Qc3 $11) 28. Qc3 Qxb7 29. Qxc4+ Qf7 30. Qc6 Rab8 31. h3 {[#]} (31. Kf1 $17) 31... b5 ({Black should play} 31... Qb3 $1 $19 {Threatens to win with ...h6.} 32. Qe6+ Kh8) 32. Rd2 {[#]} (32. Re3 $1 $15) 32... Qc4 $1 $17 {[%cal Rc4c6]} 33. Qf3 $2 (33. Qc5 $17 {was called for.}) 33... Qc3 $19 34. Red1 {[%cal Rd2d3]} Qxa3 35. Rxd3 Rxd3 36. Rxd3 {Qd5+ would kill now.} Qxb4 37. Qxf5 {[%mdl 4096] Endgame KQR-KQR} Rf8 38. Qe6+ Kh8 {White must now prevent ...Qb1+.} 39. Rd7 $2 (39. Rg3 {was worth a try.} Qc5 40. Qa2) 39... Qc5 40. Rf7 Rxf7 41. Qxf7 {White threatens Qe8+ and mate.} Qc1+ 42. Kh2 {[%cal Rf7f8]} Qc8 {Black is clearly winning.} 43. Qa2 (43. Qe7 $142 Qb8+ 44. g3) 43... Qf8 44. Kg1 a3 45. Qb3 Qa8 {Accuracy: White = 31%, Black = 68%.} 0-1

[Event "11th Chennai Open-GM 2019"]
[Site "Chennai"]
[Date "2019.01.19"]
[Round "3"]
[White "Pantsulaia, Levan"]
[Black "Tran, Minh Thang"]
[Result "0-1"]
[WhiteElo "2597"]
[BlackElo "2355"]
[Annotator "TA"]
[PlyCount "85"]
[EventDate "2019.01.18"]
[EventType "swiss"]
[EventCountry "IND"]
[SourceTitle "playchess.com"]
[Source "ChessBase"]
[SourceQuality "1"]

{[%evp 15,85,-10,-9,-16,0,0,0,-5,0,-25,-50,-41,-51,-54,-50,-62,-55,-47,-42,-62,-29,-43,-30,-29,-27,-27,-47,-48,0,0,0,-12,0,0,0,0,0,0,0,0,0,0,73,0,16,0,74,77,80,40,32,-683,-683,-683,-683,-683,-683,-683,-679,-659,-644,-702,-695,-735,-733,-667,-623,-845,-594,-831,-820,-904]} 1. c4 e5 2. Nc3 Bb4 3. Nd5 Bc5 4. Nf3 c6 5. Nc3 d6 6. d4 {A21: English Opening: 1...e5 2 Nc3} exd4 7. Nxd4 Nf6 8. Nb3 Bb4 {LiveBook: 6 Games} 9. Bg5 Be6 $146 ({Predecessor:} 9... Nbd7 10. Qc2 h6 11. Bh4 O-O 12. e3 Re8 {0-1 (109) Heberla,B (2556)-Sokolov,I (2625) Warsaw 2013}) 10. e3 Nbd7 11. Rc1 h6 12. Bh4 g5 13. Bg3 Ne4 14. Be2 Qe7 15. O-O Bxc3 $1 16. Rxc3 Ndf6 17. Rc1 h5 {aiming for ...h4.} 18. Nd2 O-O-O 19. Nxe4 Nxe4 20. Bxh5 f5 21. Be2 f4 (21... Qf6 {keeps more tension.} 22. h3 Qxb2 23. Rc2 Qg7 24. Qd4 Qxd4 25. exd4 f4) 22. exf4 gxf4 23. Qd4 $1 (23. Bxf4 $2 Qh4 $19) 23... fxg3 24. Qxe4 Rxh2 {[#] Threatens to win with ...Rdh8.} 25. fxg3 Rdh8 {Hoping for ...Bd5.} 26. Rc3 Bd5 $40 {[%mdl 128] Black is up to no good.} 27. Qg4+ Be6 {[%cal Bd5e6,Be6d7,Bd7e8][%mdl 32]} 28. Qd4 Qh7 (28... Bd5 $11 29. cxd5 (29. Bg4+ Kb8 $17) 29... Qxe2 {[%mdl 64] Double Attack} 30. Rf8+ Rxf8 31. Kxh2 Qh5+ {[%mdl 64] Double Attack} 32. Kg1 Re8) 29. Qf4 (29. Qxd6 $16 Qh6 30. Qa3) 29... Qe7 30. Qd4 (30. Re1 $11) 30... Qh7 $16 31. Qxd6 Qh6 32. Qe5 Bd7 {[#] White must now prevent ...Re8.} 33. Bf3 $2 {[%mdl 8192]} ({Don't blunder} 33. Rf7 $2 Re8 $19) (33. Rd3 $14) 33... Rh1+ $19 {Black is clearly winning.} 34. Kf2 Rxf1+ ({Inferior is} 34... Qd2+ 35. Qe2 $14) 35. Kxf1 Qh1+ 36. Kf2 {And now Rc1 would win.} Re8 37. Qxe8+ Bxe8 38. Re3 Bd7 39. b3 Qa1 40. Re2 Qd4+ 41. Ke1 Qg1+ 42. Kd2 Bf5 43. Kc3 {Accuracy: White = 49%, Black = 78%.} 0-1

[Event "11th Chennai Open-GM 2019"]
[Site "Chennai"]
[Date "2019.01.19"]
[Round "3"]
[White "Popov, Ivan"]
[Black "Saravanan, V.."]
[Result "1/2-1/2"]
[WhiteElo "2588"]
[BlackElo "2318"]
[Annotator "TA"]
[PlyCount "93"]
[EventDate "2019.01.18"]
[EventType "swiss"]
[EventCountry "IND"]
[SourceTitle "playchess.com"]
[Source "ChessBase"]
[SourceQuality "1"]

{[%evp 30,93,22,22,38,37,49,37,55,15,34,13,23,26,38,19,14,10,45,58,60,32,22,14,56,50,72,78,49,51,58,73,65,0,0,0,0,0,0,0,0,0,0,0,0,0,8,8,8,8,8,8,8,8,8,0,0,0,0,-8,-8,-8,-8,-8,-8,-8]} 1. e4 {Navara,D} e6 2. d4 d5 3. Nd2 Nf6 4. e5 Nfd7 5. Bd3 c5 6. c3 Nc6 7. Ne2 cxd4 8. cxd4 f6 9. exf6 Nxf6 10. O-O Bd6 11. Nf3 Qc7 12. h3 O-O 13. Be3 {C06: French Tarrasch: 3...Nf6 4 e5 Nfd7 5 Bd3 main lines} Bd7 {[%cal Bc8d7,Bd7e8,Be8f7,Bf7g8][%mdl 32]} 14. Re1 Be8 15. Ng5 Bf7 16. Rc1 {LiveBook: 3 Games} Kh8 17. a3 Bg8 18. b4 a6 {[#]} 19. Qd2 $146 ({Predecessor:} 19. g3 h6 20. Nf4 Bxf4 21. Bxf4 {1-0 (38) Navara,D (2729)-Michiels,B (2563) Wijk aan Zee 2015 CBM 165 [Navara,D]}) 19... Rae8 20. f4 h6 21. Nf3 Bh7 22. Bxh7 Kxh7 23. Ne5 Bxe5 24. dxe5 Ne4 25. Qc2 Kg8 26. Nd4 {[%cal Rd4c6]} g5 (26... Qd7 {is interesting.} 27. Nb3 Rc8 28. Qd3 h5 29. Nc5 Nxc5 30. Rxc5 Ne7) 27. fxg5 hxg5 28. Nxc6 bxc6 29. Qxc6 Qxe5 30. Qxa6 g4 {[#] ( -> ...gxh3)} 31. hxg4 (31. Qe2 $14 gxh3 32. Qg4+ Kf7 33. Qxh3) 31... d4 $11 {The position is equal.} 32. Qd3 dxe3 33. Qxe3 Qf6 $1 34. Rf1 Qg6 35. Rxf8+ Rxf8 36. Re1 Qf6 37. b5 Nc3 38. g5 Qf5 39. b6 {White wants to play b7.} Nd5 $1 {[%cal Rd5e3]} 40. Qxe6+ Qxe6 41. Rxe6 {[%mdl 4096] [#] Endgame And now a4 would win. KRN-KR} Rb8 42. a4 {[%cal Ba3a4,Ba4a5][%mdl 32] Threatens to win with a5.} Nxb6 43. a5 Nd5 44. a6 Ra8 45. Re5 Nb4 46. Ra5 Rxa6 47. Rxa6 {Precision: White = 59%, Black = 80%.} 1/2-1/2

[Event "11th Chennai Open-GM 2019"]
[Site "Chennai"]
[Date "2019.01.19"]
[Round "3"]
[White "Aleksandrov, Aleksej"]
[Black "Ameir, Moheb"]
[Result "1-0"]
[WhiteElo "2582"]
[BlackElo "2309"]
[Annotator "TA"]
[PlyCount "89"]
[EventDate "2019.01.18"]
[EventType "swiss"]
[EventCountry "IND"]
[SourceTitle "playchess.com"]
[Source "ChessBase"]
[SourceQuality "1"]

{[%evp 12,89,0,0,11,0,13,0,0,0,16,0,0,0,0,-8,-8,-39,-22,-227,-231,-262,-260,-279,-277,-315,-237,-224,-240,-232,-232,-215,-193,-164,-115,-117,0,0,0,0,0,0,0,0,0,0,66,77,62,56,75,54,82,73,92,92,93,93,104,9,342,335,329,327,270,269,261,269,580,516,4454,2320,4548,2956,29969,29964,29974,29975,29973,29975]} 1. c4 e5 2. Nc3 Bb4 3. Nd5 Be7 4. Nf3 d6 5. d4 Nf6 (5... e4 6. Nd2 f5 7. Nb1 c6 8. Nxe7 Nxe7 9. Nc3 O-O 10. e3 Be6 11. Be2 Nd7 12. b3 d5 13. a4 a5 {1-0 (41) Inarkiev,E (2727)-Bologan,V (2640) Poikovsky 2017}) 6. Nxe7 {A21: English Opening: 1...e5 2 Nc3} Qxe7 7. e3 {LiveBook: 4 Games} e4 8. Nd2 {The position is equal.} O-O 9. Be2 c5 10. d5 Bf5 {[%cal Bc8f5,Bf5g6,Bg6h7][%mdl 32]} 11. g4 Bg6 12. h4 h6 $1 13. b3 $146 Nbd7 {[%cal Bb8d7,Bd7e5,Be5g4][%mdl 32]} 14. Bb2 $1 Ne5 {next ...Nfxg4! is good for Black.} 15. Nf1 $2 {[#]} (15. g5 $1 $11 hxg5 16. hxg5) 15... Nfxg4 $1 $19 {[%mdl 512]} 16. h5 {[#]} (16. Bxg4 Nd3+) 16... Bh7 $1 ({Don't do} 16... Bf5 17. Qd2 $17) 17. Qd2 f5 {[%cal Bf7f5,Bf5f4][%mdl 32]} 18. Qc3 f4 {And now ...f3 would win.} 19. Bxg4 Nxg4 20. Rg1 Ne5 21. O-O-O fxe3 22. Qxe3 Rf7 23. Qxh6 Rxf2 (23... Nd3+ $17 24. Rxd3 exd3) 24. Qe6+ $11 Qxe6 25. dxe6 {Hoping for Bxe5.} Nd3+ $1 {[#]} 26. Rxd3 $1 {[%mdl 512]} exd3 27. Rxg7+ Kf8 28. Nd2 Re8 (28... Rh2 $1 $11 29. Rf7+ Kg8 30. Rg7+ Kf8 31. Rf7+ Kg8 32. Rg7+ Kf8) 29. Rxh7 $14 Rxe6 {[%cal Re6e1]} 30. Bc3 Re1+ 31. Kb2 {Black must now prevent h6.} Ree2 32. a4 Rxd2+ 33. Bxd2 Rxd2+ $16 {[%mdl 4096] Endgame KR-KR} 34. Kc3 Rh2 35. a5 (35. Kxd3 $16 Rh3+ 36. Kc2) 35... Ra2 $2 {[%mdl 8192]} ({But not} 35... d2 $6 36. Kc2 $16) (35... b6 $11 {and Black stays safe.}) 36. Kxd3 $18 Rxa5 37. Rxb7 Ra1 38. h6 Kg8 39. Ke4 a5 $2 (39... Rd1 {is a better chance.} 40. Rxa7 Rd4+ 41. Kf5 d5) 40. Kd5 Rb1 (40... Rd1+ $142 41. Ke6 Rd3 42. Rg7+ Kh8) 41. Kxd6 a4 42. Kxc5 axb3 43. Kc6 {White mates.} b2 44. h7+ Kh8 45. c5 {Precision: White = 68%, Black = 37%.} 1-0

[Event "11th Chennai Open-GM 2019"]
[Site "Chennai"]
[Date "2019.01.19"]
[Round "3"]
[White "Deepan Chakkravarthy J."]
[Black "Konguvel, Ponnuswamy"]
[Result "1-0"]
[WhiteElo "2543"]
[BlackElo "2302"]
[Annotator "TA"]
[PlyCount "157"]
[EventDate "2019.01.18"]
[EventType "swiss"]
[EventCountry "IND"]
[SourceTitle "playchess.com"]
[Source "ChessBase"]
[SourceQuality "1"]

{[%evp 19,157,3,2,1,8,-28,0,-39,-11,-23,-23,-31,-17,-56,8,6,10,8,8,4,14,-35,-33,-35,0,0,40,37,78,58,50,43,54,51,45,44,40,40,40,47,59,59,59,59,59,59,68,60,60,58,58,58,59,47,59,59,59,59,59,59,59,59,59,59,768,747,559,118,118,8,8,8,12,12,118,118,118,118,118,118,118,118,118,118,118,118,118,118,118,118,118,118,118,118,118,118,118,118,118,118,118,118,118,118,118,118,125,125,125,125,120,120,150,125,125,125,125,125,125,125,125,125,125,122,125,118,125,118,128,118,131,126,131,122,148,132,180,125,125,-29982]} 1. d4 Nf6 2. c4 g6 3. Nc3 d5 4. cxd5 Nxd5 5. Bd2 Nb6 6. Nf3 Bg7 7. Bg5 {D90: Grünfeld: 4 Nf3 Bg7 sidelines} c5 8. dxc5 Bxc3+ 9. bxc3 Qxd1+ 10. Rxd1 Na4 {LiveBook: 11 Games} 11. Bh6 Nxc5 12. e3 Nc6 13. h4 $146 ({Predecessor:} 13. Nd4 Bd7 {0-1 (21) Svetushkin,D (2594)-Stella,A (2447) Livigno 2011}) 13... Be6 14. a3 f6 15. Nd4 Bd5 16. f3 O-O-O ({Black should try} 16... Na5 $15) 17. e4 $36 {[%mdl 2048] Black is under pressure.} Bf7 18. Nxc6 bxc6 19. Be3 Na4 20. Bxa7 (20. Rc1 {with more complications.} Kd7 21. g4 Rb8 22. Rh2 Rhd8 23. Bxa7 Rb3 24. Rd2+) 20... Rxd1+ 21. Kxd1 Kb7 22. Be3 Nxc3+ 23. Kc2 Nb5 24. Bc5 (24. a4 $5 {[%cal Ra4b5]} Nd6 25. Be2 $16) 24... e5 25. Bd3 Ra8 26. Rb1 Kc7 27. Bxb5 cxb5 $14 {[%mdl 4096] Endgame KRB-KRB} 28. Be7 Bc4 29. Bxf6 Kd6 30. Kb2 Ke6 31. Bg5 Ra7 32. Rh1 h5 33. Rc1 Rd7 34. a4 Ra7 35. axb5 Bxb5 36. Rc8 Bf1 37. Rc6+ Kf7 38. f4 exf4 39. e5 {[%cal Be4e5,Be5e6,Be6e7][%mdl 32] And now e6+ would win.} Bxg2 40. e6+ $1 Kg7 41. Rd6 $1 {[%cal Rd6d7][%mdl 1024] Threatens to win with Rd7+. White has compensation.} Bh3 $2 {[%mdl 8192]} (41... Rb7+ $14 42. Kc3 Bh3) 42. e7 $1 $18 {[%cal Re7e8]} Rb7+ 43. Kc3 $2 (43. Ka2 $18 {and White stays clearly on top.} Kf7 44. Rf6+ {[%mdl 64] Double Attack} Kxe7 45. Rb6+ {[%mdl 64] Discovered Attack} Kd7 46. Rxb7+ Kc6 47. Rg7) 43... Rc7+ $16 44. Kb4 (44. Kd4 $16 Kf7 45. Ke5) 44... Kf7 $1 $11 45. Rd4 Rxe7 (45... Rb7+ {feels hotter.} 46. Kc5 Rc7+ 47. Kb6 Rxe7 48. Bxe7 Kxe7 49. Rxf4 Bf5) 46. Rxf4+ Ke8 (46... Bf5 $11) 47. Bxe7 $16 Kxe7 {KR-KB} 48. Kc5 Bf5 49. Ra4 Kf6 {[#]} 50. Kd4 $1 Be6 51. Ra5 Bf5 52. Ke3 Be6 53. Kf4 Bf5 54. Ra6+ Be6 55. Rb6 Kf7 56. Kg5 {aiming for Rb7+.} Bf5 57. Rb7+ Ke6 58. Kf4 Bc2 59. Rb6+ Kd5 60. Rb2 Bf5 61. Re2 Kd6 62. Kg5 Kd7 63. Kf6 Kd6 64. Rd2+ Kc6 65. Rd1 Kc7 66. Ke7 Kc6 67. Rd2 Kc5 68. Rd6 Kc4 69. Kf6 Kc5 70. Ke5 Kc4 71. Rc6+ Kd3 72. Rc5 Bg4 73. Ra5 Bf5 74. Ra6 Kc4 75. Ra7 Kd3 76. Rc7 Bg4 77. Rc1 Bf5 {[#]} 78. Rc6 ({Better is} 78. Kf4 $1 $18) 78... Ke3 79. Re6 $2 {[%mdl 40960] Accuracy: White = 56%, Black = 54%. . Loss on time!?} (79. Kf6 $16) 1-0